• 首页
  • 本馆介绍
  • 公告通知
  • 最新文献
  • 馆藏检索
  • 电子资源
  • 读者导购
  • 参考咨询
  • 我的图书馆
  • 登录
  • 详细信息显示
  • 放入我的书架
  • 预约/预借图书
  • 作者相关作品
  • 分类相关作品
  • 丛书相关作品
  • 出版社相关作品

书目信息

  • 表格格式
  • 工作单格式
  • 卡片格式
题名:
学生礼仪
    
 
作者: 穆清 编著
分册:  
出版信息: 长春   吉林教育出版社  2019.1
页数: 291页
开本: 23cm
丛书名:
单 册:
中图分类: K891.26-49
科图分类:
主题词: 礼仪--li yi
电子资源:
ISBN: 978-7-5553-6155-8
000 00869nam0 2200241 450
001 2131757623
005 20210930094420.0
010    @a978-7-5553-6155-8@dCNY59.80
100    @a20190226d2019 em y0chiy50 ea
101 0  @achi
102    @aCN@b220000
105    @ay z 000yy
106    @ar
200 1  @a学生礼仪@Axue sheng li yi@f穆清编著
210    @a长春@c吉林教育出版社@d2019.1
215    @a291页@d23cm
314    @a穆清,安徽合肥人,文学硕士,资深策划人。现为未来趋势文化传媒(北京)股份公司副总编、编辑部主任。策划出版“最美中国文”系列。
330    @a本书内容包括:教子成才十分需要讲究家教礼仪、不讲礼仪,家教必然失败、做孩子的朋友,不摆家长的架子、用爱心去感化孩子的心灵、激励孩子不断地成长等等。
606 0  @a礼仪@Ali yi
690    @aK891.26-49@v5
701  0 @a穆清@Amu qing@4编著
801  0 @aCN@b百万庄@c20210930
905    @b1303970-73@dK891.26-49@e358@f4
    
    学生礼仪/穆清编著.-长春:吉林教育出版社,2019.1
    291页;23cm
    
    
    ISBN 978-7-5553-6155-8:CNY59.80
    本书内容包括:教子成才十分需要讲究家教礼仪、不讲礼仪,家教必然失败、做孩子的朋友,不摆家长的架子、用爱心去感化孩子的心灵、激励孩子不断地成长等等。
●
相关链接 在E读中查询图书 在五车中查询图书 在当当中查询图书 在豆瓣中查询图书


正题名:学生礼仪     索取号:K891.26-49/358         预约/预借

序号 登录号 条形码 馆藏地/架位号 状态 备注
1 1303970   213039709   第二样本阅览室/ [索取号:K891.26-49/358] 在馆    
2 1303971   213039718   第二借阅区/ [索取号:K891.26-49/358] 在馆    
3 1303972   213039727   第二借阅区/ [索取号:K891.26-49/358] 在馆    
4 1303973   213039736   第二借阅区/ [索取号:K891.26-49/358] 在馆    
唐山师范学院图书馆 欢迎您!
大连网信软件有限公司© 版权所有